Statistics for Countries Containing I - Two Minute Sprint

Click here to take the quiz!

General Stats

  • This quiz has been taken 164 times
  • The average score is 46 of 118

Answer Stats

country% Correct
Italy
89%
United Kingdom
81%
India
79%
Indonesia
79%
Ireland
79%
Austria
77%
Iceland
74%
United States
74%
Argentina
70%
Spain
70%
Iraq
68%
Australia
67%
China
67%
Iran
67%
Chile
66%
Brazil
64%
Israel
59%
United Arab Emirates
59%
Albania
58%
Bulgaria
58%
Mexico
58%
Belgium
56%
Serbia
56%
Lithuania
55%
Bosnia and Herzegovina
53%
Finland
53%
Russia
53%
Algeria
52%
Latvia
52%
Estonia
51%
Bolivia
49%
Romania
49%
Switzerland
49%
Croatia
48%
Saudi Arabia
48%
Slovenia
45%
Nicaragua
42%
Niger
42%
Slovakia
42%
Suriname
42%
Nigeria
41%
Czechia
40%
Fiji
40%
Thailand
40%
Tunisia
40%
Armenia
38%
Colombia
38%
Libya
38%
Saint Kitts and Nevis
38%
Saint Vincent and
the Grenadines
38%
San Marino
38%
Vatican City
38%
Belize
37%
Costa Rica
37%
Haiti
37%
Liechtenstein
37%
South Africa
37%
Dominica
36%
Saint Lucia
36%
Vietnam
36%
Azerbaijan
34%
Mali
34%
Ukraine
34%
Antigua and Barbuda
33%
Kiribati
33%
Macedonia
33%
Namibia
33%
Trinidad and Tobago
33%
Dominican Republic
32%
Georgia
32%
Zambia
32%
Guinea
30%
Kuwait
30%
Pakistan
30%
Singapore
30%
Taiwan
30%
Afghanistan
29%
Malawi
29%
Philippines
29%
Benin
27%
Jamaica
27%
Malaysia
27%
Syria
27%
Turkmenistan
27%
Guinea-Bissau
26%
Tajikistan
26%
Uzbekistan
26%
Bahrain
25%
Central African Republic
25%
Ethiopia
25%
Côte d'Ivoire
23%
Democratic Republic
of the Congo
23%
Papua New Guinea
23%
Liberia
22%
Marshall Islands
22%
Mauritania
22%
Sri Lanka
22%
Zimbabwe
22%
Micronesia
21%
Solomon Islands
21%
Somalia
21%
Tanzania
21%
Eritrea
19%
Brunei
18%
Maldives
18%
Mauritius
18%
Mongolia
18%
Timor-Leste
18%
Burkina Faso
16%
Burundi
16%
Cambodia
16%
Equatorial Guinea
16%
Gambia
16%
Sierra Leone
16%
Swaziland
16%
Mozambique
14%
Djibouti
12%
São Tomé and Príncipe
8%

Score Distribution

Percentile by Number Answered

Percent of People with Each Score

Your Score History

You have not taken this quiz